000 00566nam a2200217 a 4500
001 0001-2185
003 ELIB.Books
008 190802 2010 eng
020 _a0806619619
092 _a230
_bVol
100 _aVolz, Carl A.
245 _aFaith and Practice in the Early Church
260 _aMinneapolis
_bAugsburg Publishing House
_c1983
300 _a223
_c20.5cm
650 _aTheology
856 _nKBTS Library
_uKBTS Elib
942 _2ddc
_cBK
990 _a1
998 _aEnglishbooks.elf
_ccat
_e2019-08-02
999 _c12185
_d12185